• 首页
  • 本馆介绍
  • 公告通知
  • 最新文献
  • 馆藏检索
  • 电子资源
  • 读者导购
  • 参考咨询
  • 我的图书馆
  • 登录
  • 详细信息显示
  • 放入我的书架
  • 预约/预借图书
  • 作者相关作品
  • 分类相关作品
  • 丛书相关作品
  • 出版社相关作品

书目信息

  • 表格格式
  • 工作单格式
  • 卡片格式
题名:
网络法
    
 
作者: 佛里拉 著 ;张楚 , 乔延春 , 孙晔 译
分册:  
出版信息: 北京   社会科学文献出版社  2004
页数: 13,426页
开本: 23cm
丛书名: 创世纪工商管理译库
单 册:
中图分类: D912.104
科图分类:
主题词: 计算机网络--科技技术管理--法规--研究
电子资源:
ISBN: 7-80149-877-1
000 01094nam0 2200277 450
001 TS2006026777
005 20061205150453.87
010    @a7-80149-877-1@dCNY43.00
100    @a20060829d2004 em y0chiy0110 ea
101 1  @achi@ceng@eeng
102    @aCN@b110000
105    @ay z 000yy
200 1  @a网络法@Awang luo fa@e课文和案例@EKe Wen He An Li@f(美)格拉德·佛里拉(Gerald R.Ferrera)等著@F( Mei ) Ge La De· Fo Li La (Gerald R.Ferrera) Deng Zhu@g张楚, 乔延春, 孙晔译
210    @a北京@c社会科学文献出版社@d2004
215    @a13,426页@d23cm
225 2  @a创世纪工商管理译库
330    @a本书以法律原则和商业法律知识为基础,结合关于网络法的典型案例、相关法律条文,对案例和条文进行深刻的解释、并展示大量法律策略技能。
410  0 @1001002194401@12001 @a创世纪工商管理译库
606 0  @a计算机网络@x科技技术管理@x法规@y研究
690    @aD912.104@v4
701  0 @c(美)@a佛里拉@Afu li la@c(Ferrera, Gerald R.)@4著
702  0 @a张楚@Azhang chu@4译
702  0 @a乔延春@AQiao Yan Chun@4译
702  0 @a孙晔@ASun Ye@4译
801  0 @aCN@b中图数据@c20061205
905    @a10447@dD912.104@e282
    
    网络法:课文和案例/(美)格拉德·佛里拉(Gerald R.Ferrera)等著/张楚, 乔延春, 孙晔译.-北京:社会科学文献出版社,2004
    13,426页;23cm.-(创世纪工商管理译库)
    
    
    ISBN 7-80149-877-1:CNY43.00
    本书以法律原则和商业法律知识为基础,结合关于网络法的典型案例、相关法律条文,对案例和条文进行深刻的解释、并展示大量法律策略技能。
●
相关链接 在E读中查询图书 在五车中查询图书 在当当中查询图书 在豆瓣中查询图书


正题名:网络法     索取号:D912.104/282         预约/预借

序号 登录号 条形码 馆藏地/架位号 状态 备注
1 0605665   206056658   第一样本阅览室/ [索取号:D912.104/282] 在馆    
2 0605666   206056667   第一借阅区/ [索取号:D912.104/282] 在馆    
3 0605667   206056676   第一借阅区/ [索取号:D912.104/282] 在馆    
4 0605668   206056685   第一借阅区/ [索取号:D912.104/282] 在馆    
5 0605669   206056694   第一借阅区/ [索取号:D912.104/282] 在馆    
唐山师范学院图书馆 欢迎您!
大连网信软件有限公司© 版权所有